000
00241 a2200097 4500
001
39025
100
_a
Shahian
245
_a
Computer Aided Control System design Using Matrix
260
_a
U S A
_b
Prentice Hall
_c
1992
090
_c
24628
_d
24628
942
_a
NUST-CAE
_c
M
_c
16256
999
_c
274098
_d
274098